000 00655nmm a2200193Ia 4500
008 251105s9999||||xx |||||||||||||||||und||
020 _a9788480217101
041 _aspa
100 _aMínguez Cornelles, Víctor Manuel
245 0 _aEl sueño de Eneas : Imágenes utópicas de la ciudad
264 _a[Madrid, España] :
_bUniversitat Jaume I,
_c2009
300 _a265 páginas
650 _aArchitecture & Sculpture
700 _aMínguez Cornelles, Víctor Manuel
700 1 _a Rodríguez Moya, María Inmaculada
700 1 _a Zuriaga Senent, Vicent Francesc (eds.)
856 _uhttps://public.digitaliapublishing.com/a/17281
942 _cCF
999 _c68861
_d68861